Les cuisines préférées des Français - Statistiques

Statistiques générales
  • Ce quiz a été pris 273 fois
  • Le résultat moyen est 3 sur 11
Statistiques - réponses
Hint Réponse % Correct
Française 97 %
69%
Italienne 94 %
59%
d'Afrique de l'Ouest 33 %
31%
Coréenne 36 %
25%
Espagnole 86 %
24%
Chinoise 76 %
13%
Maghrébine 73 %
12%
Japonaise 60 %
11%
Indienne 61 %
8%
Vietnamienne 62 %
8%
Américaine 55 %
7%
Aucun quiz correspondant
Distribution des résultats
% des personnes avec chaque résultat
Percentile par nombre de réponses
Votre historique - résultats
Vous n’avez pas pris ce quiz